00302 a2200133 450000100060000002000190000604000240002510000200004924000270006924500220009630000100011836200090012865000310013714040 a9788520004425  cAnchieta - Aquarius aAntón, Rafael10aEntão quem é?lpor10aEntão quem é? a27p. 0 a2015 4aLiteratura infanto-juvenil